| 000 | 00670nam a22002417a 4500 | ||
|---|---|---|---|
| 003 | OSt | ||
| 005 | 20230706122951.0 | ||
| 008 | 230706b |||||||| |||| 00| 0 eng d | ||
| 020 | _a9780008455651 | ||
| 040 |
_cNIRUC _dNIRUC |
||
| 050 |
_aBJ 1589 _b. X46 2021 |
||
| 100 |
_aXenakēs, Stephanos _eauthor. |
||
| 245 |
_aThe simplest gift / _cby, Stefanos Xenakēs, |
||
| 260 |
_aLondon : _bHQ, _c2021. |
||
| 300 |
_a376p, : _c23 cm. |
||
| 650 | _2Self-actualization (Psychology) | ||
| 650 | _2Mind and body | ||
| 650 | _2Self-help techniques | ||
| 650 | _2Spiritual life | ||
| 650 |
_2Internet personalities _aGreece |
||
| 650 | _2Conduct of life | ||
| 942 |
_2lcc _cBK _n0 |
||
| 999 |
_c499 _d499 |
||